Психология организационного лидерства и критических ситуаций: электронный курс
| Autor principal: | |
|---|---|
| Autor corporatiu: | |
| Sumari: | Заглавие с экрана Основной целью курса является формирование у студентов навыков эмоциональной устойчивости. Курс предназначен для бакалавров, обучающихся на 4 курсе. Дисциплина относится к вариативной части блока 1 учебного плана образовательной программы (дисциплина модуля дополнительной специализации «Прикладная психология»). В курсе раскрываются вопросы психологической устойчивости в профессиональной личной жизни человека. Вопросы эмоционального лидерства. Особое внимание уделяется инструментам по выходу из критических ситуаций. Доступ по логину и паролю |
| Idioma: | rus |
| Publicat: |
Томск, TPU Moodle, 2021
|
| Matèries: | |
| Accés en línia: | https://design.lms.tpu.ru/course/view.php?id=4247 |
| Format: | MixedMaterials Electrònic Llibre |
| KOHA link: | https://koha.lib.tpu.ru/cgi-bin/koha/opac-detail.pl?biblionumber=666046 |
MARC
| LEADER | 00000nlm0a2200000 4500 | ||
|---|---|---|---|
| 001 | 666046 | ||
| 005 | 20231228113551.0 | ||
| 035 | |a (RuTPU)RU\TPU\network\37250 | ||
| 035 | |a RU\TPU\network\17183 | ||
| 090 | |a 666046 | ||
| 100 | |a 20211201d2021 m y0rusy50 ca | ||
| 101 | 0 | |a rus | |
| 102 | |a RU | ||
| 105 | |a a j 000zy | ||
| 135 | |a jrcn ---uucaa | ||
| 181 | 0 | |a i | |
| 182 | 0 | |a b | |
| 200 | 1 | |a Психология организационного лидерства и критических ситуаций |e электронный курс |f О. Ю Матвеева |g Национальный исследовательский Томский политехнический университет, Школа базовой инженерной подготовки, Отделение социально-гуманитарных наук | |
| 203 | |a Текст |c электронный | ||
| 210 | |a Томск |c TPU Moodle |d 2021 | ||
| 300 | |a Заглавие с экрана | ||
| 330 | |a Основной целью курса является формирование у студентов навыков эмоциональной устойчивости. Курс предназначен для бакалавров, обучающихся на 4 курсе. Дисциплина относится к вариативной части блока 1 учебного плана образовательной программы (дисциплина модуля дополнительной специализации «Прикладная психология»). В курсе раскрываются вопросы психологической устойчивости в профессиональной личной жизни человека. Вопросы эмоционального лидерства. Особое внимание уделяется инструментам по выходу из критических ситуаций. | ||
| 333 | |a Доступ по логину и паролю | ||
| 606 | 1 | |a Лидерство |x Психология |2 stltpush |3 (RuTPU)RU\TPU\subj\69873 |9 84547 | |
| 610 | 1 | |a электронный ресурс | |
| 610 | 1 | |a труды учёных ТПУ | |
| 610 | 1 | |a электронное обучение | |
| 610 | 1 | |a электронные курсы ТПУ | |
| 610 | 1 | |a учебные пособия | |
| 610 | 1 | |a электронные учебные пособия | |
| 610 | 1 | |a дистанционное образование | |
| 610 | 1 | |a дистанционное обучение | |
| 610 | 1 | |a e-learning | |
| 610 | 1 | |a Moodle | |
| 610 | 1 | |a организация | |
| 610 | 1 | |a лидерство | |
| 610 | 1 | |a власть | |
| 610 | 1 | |a влияние | |
| 610 | 1 | |a лидеры | |
| 610 | 1 | |a команда | |
| 610 | 1 | |a критические ситуации | |
| 686 | |a Ю954я73 |2 rubbk | ||
| 700 | 1 | |a Матвеева |b О. Ю |c социолог |c доцент Томского политехнического университета, кандидат философских наук |f 1971- |g Ольга Юрьевна |3 (RuTPU)RU\TPU\pers\26776 |9 12419 | |
| 712 | 0 | 2 | |a Национальный исследовательский Томский политехнический университет |b Школа базовой инженерной подготовки |b Отделение социально-гуманитарных наук |3 (RuTPU)RU\TPU\col\23512 |
| 801 | 2 | |a RU |b 63413507 |c 20220708 |g RCR | |
| 856 | 4 | |u https://design.lms.tpu.ru/course/view.php?id=4247 | |
| 942 | |c CF | ||